00484 a2200133 4500001001000000005001700010008004100027245009500068100002700163700002700190700003200217773008400249999001700333ART_3436520260410162004.0260409a 10aLa relación entre el comercio interregional y la conectividad del transporte en España1 aAlamá Sabater, Luisa1 aMárquez Ramos, Laura1 aSuárez Burguet, Celestino0 tRevista de economía y estadísticag- Vol. XLIX, Nº 1 (jun. 2011)wREV34359 c31587d31587